Statistics for Countries with same Official Languages as their Neighbours

Click here to take the quiz!

General Stats

  • This quiz has been taken 423 times
  • The average score is 12 of 18

Answer Stats

#COUNTRY% Correct
2Panama
79%
3Oman
77%
7Saudi Arabia
77%
1South Korea
75%
2Costa Rica
74%
2Yemen
74%
3Honduras
73%
2Nicaragua
73%
2El Salvador
69%
2Qatar
69%
3United Arab Emirates
68%
2Ecuador
63%
2Kuwait
62%
1San Marino
55%
2Tunisia
54%
1Vatican City
51%
1Monaco
46%
1Brunei
38%

Score Distribution

Percentile by Number Answered

Percent of People with Each Score

Your Score History

You have not taken this quiz